| 000 | 00356nam a2200145Ia 4500 | ||
|---|---|---|---|
| 008 | 150201s2007 xx 000 0 und d | ||
| 082 |
_a617.525 _bO2007A |
||
| 100 | _aABUBAKER,A. | ||
| 245 | _aORAL & MAXILLOFACIAL SURGERY SECTRETS | ||
| 250 | _a2ND | ||
| 260 |
_bELSEVIER _aDELHI _c2007 |
||
| 300 | _a1-477 | ||
| 650 | _aORAL SURGERY | ||
| 942 |
_2ddc _cBK _03 |
||
| 999 |
_c3721 _d3721 |
||